Implantación de un modelo de planificación estrátegica para el mejoramiento continuo de la Vicerrectoría de Administración de la Universidad de Costa Rica
Bewaard in:
| Hoofdauteur: | |
|---|---|
| Andere auteurs: | |
| Formaat: | Boek |
| Gepubliceerd in: |
San José, C.R.
2002
|
| Onderwerpen: | |
| Tags: |
Voeg label toe
Geen labels, Wees de eerste die dit record labelt!
|
MARC
| LEADER | 00000nam a2200000Ia 4500 | ||
|---|---|---|---|
| 003 | 008855 | ||
| 005 | 20221231144158.0 | ||
| 008 | 140114s2002 cr a m 000 ||s d | ||
| 040 | |c cru CEDI | ||
| 090 | |a TFG 4413 | ||
| 100 | |a Rivera Marqués, Erika |9 7563 | ||
| 245 | |a Implantación de un modelo de planificación estrátegica para el mejoramiento continuo de la Vicerrectoría de Administración de la Universidad de Costa Rica | ||
| 260 | |c 2002 |a San José, C.R. | ||
| 300 | |a xxix, 187 hojas : ilustraciones | ||
| 500 | |a Proyecto de graduación (licenciatura en ingeniería industrial)--Universidad de Costa Rica. Facultad de Ingeniería. Escuela de Ingeniería Industrial | ||
| 650 | |x UNIVERSIDAD DE COSTA RICA. VICERRECTORIA DE ADMINISTRACION |x PLANIFICACION ESTRATEGICA |9 7565 | ||
| 700 | |9 7564 |a Valerín Selva, Melissa | ||
| 942 | |c TFG | ||
| 999 | |c 18026 |d 18026 | ||
